| 000 | 00603cam a22001933a 4500 | ||
|---|---|---|---|
| 001 | 45482 | ||
| 003 | PGUSA | ||
| 005 | 20140828084043.0 | ||
| 008 | 140424s2014||||xxu|||||s|||||000 | eng d | ||
| 040 |
_aPGUSA _beng |
||
| 042 | _adc | ||
| 245 | 1 | 4 |
_aThe New Book of Nonsense : _bContribution to the Great Central Fair in Aid of the Sanitary Commission _h[electronic resource] / _cAnonymous |
| 260 |
_bProject Gutenberg, _c2014 |
||
| 506 | _aPublic domain in the USA. | ||
| 516 | _aElectronic text | ||
| 830 | 0 |
_aProject Gutenberg _v45482 |
|
| 856 | 4 | 0 | _uhttp://www.gutenberg.org/ebooks/45482 |
| 942 | _cEB | ||
| 999 |
_c274733 _d274733 |
||